Understanding the 2011 General Election in Nigeria (Record no. 3101)

MARC details
000 -LEADER
fixed length control field 00333nam a22001217a 4500
008 - FIXED-LENGTH DATA ELEMENTS--GENERAL INFORMATION
fixed length control field 250422b |||||||| |||| 00| 0 eng d
020 ## - INTERNATIONAL STANDARD BOOK NUMBER
ISBN 9789785092134
100 ## - MAIN ENTRY--AUTHOR
Author Ujo A. Abelulhameed
245 ## - TITLE STATEMENT
Title Understanding the 2011 General Election in Nigeria
260 ## - PUBLICATION, DISTRIBUTION, ETC. (IMPRINT)
Place of publication Kaduna, Nigeria
Name of publisher IISEEM
Date of publication 2012
942 ## - ADDED ENTRY ELEMENTS (KOHA)
Item type Books
050 ## - LIBRARY OF CONGRESS CALL NUMBER
Classification number JE 100
Item number .U36
Holdings
Source of classification or shelving scheme Not for loan Permanent location Current location Date acquired Accession No. Full call number Barcode. Koha item type
Library of Congress Classification   Samuel Ogbemudia Main Library, University of Abuja Samuel Ogbemudia Main Library, University of Abuja 02/26/2024 2013/43771 JE 100.U36 2025-1514 Books